El arte prerrománico de la monarquía asturiana / (Record no. 12024)

MARC details
000 -LEADER
campo de control de longitud fija 00937nam a2200265 i 4500
001 - NÚMERO DE CONTROL
campo de control 12024
003 - IDENTIFICADOR DE NÚMERO DE CONTROL
campo de control ES-MaACL
005 - FECHA Y HORA DE LA ÚLTIMA TRANSACCIÓN
campo de control 20230906150225.0
007 - CAMPO FIJO DE DESCRIPCIÓN FÍSICA--INFORMACIÓN GENERAL
campo de control de longitud fija t|
008 - DATOS DE LONGITUD FIJA--INFORMACIÓN GENERAL
campo de control de longitud fija 960610s1995 sp ||||0| spa j
020 ## - NÚMERO INTERNACIONAL ESTÁNDAR DEL LIBRO
Número Internacional Estándar del Libro 84-88071-16-7
040 ## - FUENTE DE CATALOGACIÓN
Centro catalogador/agencia de origen M-BN
Lengua de catalogación spa
Centro/agencia transcriptor M-BN
080 ## - NÚMERO DE LA CLASIFICACIÓN DECIMAL UNIVERSAL
Número de la Clasificación Decimal Universal 7.033.4(460.12)
100 1# - ENTRADA PRINCIPAL--NOMBRE DE PERSONA
Nombre de persona Cid Priego, Carlos.
9 (RLIN) 38772
245 13 - MENCIÓN DEL TÍTULO
Título El arte prerrománico de la monarquía asturiana /
Mención de responsabilidad, etc. Carlos Cid Priego ; presentación de José María de Azcárate Ristori.
260 ## - PUBLICACIÓN, DISTRIBUCIÓN, ETC.
Lugar de publicación, distribución, etc. Oviedo :
Nombre del editor, distribuidor, etc. Grupo Editorial Asturiano,
Fecha de publicación, distribución, etc. [1995]
300 ## - DESCRIPCIÓN FÍSICA
Extensión 401 p :
Otras características físicas il ;
Dimensiones 21 cm.
490 1# - MENCIÓN DE SERIE
Mención de serie Anaquel cultural asturiano ;
Designación de volumen o secuencia 18
504 ## - NOTA DE BIBLIOGRAFÍA, ETC.
Nota de bibliografía, etc. Bibliografía: p. [365]-389.
650 #4 - PUNTO DE ACCESO ADICIONAL DE MATERIA--TÉRMINO DE MATERIA
Término de materia o nombre geográfico como elemento de entrada Arte prerrománico-
Subdivisión geográfica Asturias (Comunidad Autónoma)
9 (RLIN) 10276
700 1# - ENTRADA AGREGADA--NOMBRE PERSONAL
Nombre de persona Azcárate Ristori, José María de.
9 (RLIN) 24256
830 0# - PUNTO DE ACCESO ADICIONAL DE SERIE-TÍTULO UNIFORME
Título uniforme Anaquel cultural asturiano ;
Designación de volumen o secuencia 18
9 (RLIN) 179250
852 ## - LOCALIZACIÓN
Ubicación ES-MaACL
Número de control de estantería L-19295
Sublocalización o colección R.125026
Holdings
Estatus retirado Estado de pérdida Estado de daño No para préstamo Biblioteca de origen Biblioteca actual Ubicación en estantería Fecha de adquisición Fuente de adquisición Total de préstamos Signatura topográfica completa Código de barras Visto por última vez Precio de reemplazo Tipo de ítem Koha
        Biblioteca del Ateneo de Madrid Biblioteca del Ateneo de Madrid Depósito 2 17/01/2008     L-19295 1012252 23/02/2023 23/02/2023 Libro impreso